Основы проектной работы на занятиях по немецкому языку в техническом вузе: учебное пособие
| Hlavní autor: | |
|---|---|
| Korporativní autor: | |
| Další autoři: | , |
| Shrnutí: | Заглавие с титульного экрана Электронная версия печатной публикации Режим доступа: из сети НТБ ТПУ |
| Jazyk: | ruština |
| Vydáno: |
Томск, Изд-во ТПУ, 2003
|
| Témata: | |
| On-line přístup: | http://www.lib.tpu.ru/fulltext3/mv/2007/mv59.pdf |
| Médium: | MixedMaterials Elektronický zdroj Kniha |
| KOHA link: | https://koha.lib.tpu.ru/cgi-bin/koha/opac-detail.pl?biblionumber=114777 |
MARC
| LEADER | 00000nlm0a2200000 4500 | ||
|---|---|---|---|
| 001 | 114777 | ||
| 005 | 20240131152639.0 | ||
| 035 | |a (RuTPU)RU\TPU\book\124130 | ||
| 090 | |a 114777 | ||
| 100 | |a 20070426d2003 k y0rusy50 ca | ||
| 101 | 0 | |a rus | |
| 102 | |a RU | ||
| 105 | |a y jz 001zy | ||
| 135 | |a vrcn ---uucaa | ||
| 181 | 0 | |a i | |
| 182 | 0 | |a b | |
| 200 | 1 | |a Основы проектной работы на занятиях по немецкому языку в техническом вузе |e учебное пособие |f Е. К. Прохорец, М. В. Плеханова, И. Н. Хмелидзе |g Томский политехнический университет | |
| 203 | |a Текст |c электронный | ||
| 210 | |a Томск |c Изд-во ТПУ |d 2003 | ||
| 300 | |a Заглавие с титульного экрана | ||
| 300 | |a Электронная версия печатной публикации | ||
| 333 | |a Режим доступа: из сети НТБ ТПУ | ||
| 337 | |a Adobe Reader | ||
| 452 | 1 | |0 (RuTPU)RU\TPU\book\70110 |y 5-98298-073-0 |t Основы проектной работы на занятиях по немецкому языку в техническом вузе |o учебное пособие |f Е. К. Прохорец, М. В. Плеханова, И. Н. Хмелидзе |g Томский политехнический университет |c Томск |n Изд-во ТПУ |d 2003 |p 112 с. |a Прохорец, Елена Константиновна | |
| 610 | 1 | |a немецкий язык | |
| 610 | 1 | |a учебные пособия | |
| 610 | 1 | |a проектные работы | |
| 610 | 1 | |a самостоятельные работы | |
| 610 | 1 | |a труды учёных ТПУ | |
| 610 | 1 | |a электронный ресурс | |
| 686 | |a Ш143.24-923 |2 rubbk | ||
| 700 | 1 | |a Прохорец |b Е. К. |c лингвист |c доцент Томского политехнического университета, кандидат педагогических наук |f 1973- |g Елена Константиновна |3 (RuTPU)RU\TPU\pers\24557 |9 10857 | |
| 701 | 1 | |a Плеханова |b М. В. |c лингвист |c доцент Томского политехнического университета, кандидат педагогических наук |f 1975- |g Марина Викторовна |3 (RuTPU)RU\TPU\pers\29825 |9 14302 | |
| 701 | 1 | |a Хмелидзе |b И. Н. |c российский лингвист |c доцент Томского политехнического университета, кандидат педагогических наук |f 1962- |g Ирина Николаевна |3 (RuTPU)RU\TPU\pers\28228 | |
| 712 | 0 | 2 | |a Томский политехнический университет |
| 801 | 1 | |a RU |b 63413507 |c 20070426 |g PSBO | |
| 801 | 2 | |a RU |b 63413507 |c 20131209 |g PSBO | |
| 856 | 4 | |u http://www.lib.tpu.ru/fulltext3/mv/2007/mv59.pdf | |
| 942 | |c CF | ||